Проектирование и эксплуатация газонефтепроводов: учебник для вузов

Dades bibliogràfiques
Autor principal: Коршак А. А. Алексей Анатольевич
Altres autors: Нечваль А. М. Андрей Михайлович
Sumari:Рассматриваются состояние и перспективы развития трубопроводного транспорта нефти, нефтепродуктов и газа в России, порядок проектирования магистральных трубопроводов, вопросы их технологического расчета при транспортировке газа и маловязких нефтей, последовательной перекачке нефтепродуктов, транспортировании высоковязких и высокозастывающих нефтей, а также нестабильных жидкостей. Приведены основные сведения о методах и средствах очистки полости трубопроводов, а также их защиты от перегрузок по давлению и от коррозии.Учебник предназначен для студентов специальности «Проектирование, сооружение и эксплуатация газопроводов и газонефтехранилищ». Кроме того, он будет полезен инженерно-техническим работникам, связанным с трубопроводным транспортом жидких и газообразных углеводородов.
Idioma:rus
Publicat: Ростов-на-Дону, Феникс, 2016
Col·lecció:Высшее образование
Matèries:
Format: Llibre
KOHA link:https://koha.lib.tpu.ru/cgi-bin/koha/opac-detail.pl?biblionumber=305844

MARC

LEADER 00000nam0a2200000 4500
001 305844
005 20231102001835.0
010 |a 9785222261477 
035 |a (RuTPU)RU\TPU\book\331119 
035 |a RU\TPU\book\152565 
090 |a 305844 
100 |a 20080710d2016 m y0rusy50 ca 
101 0 |a rus 
102 |a RU 
105 |a a j 000zy 
200 1 |a Проектирование и эксплуатация газонефтепроводов  |e учебник для вузов  |f А. А. Коршак, А. М. Нечваль 
210 |a Ростов-на-Дону  |c Феникс  |d 2016 
215 |a 541 с.  |c ил. 
225 1 |a Высшее образование 
330 |a Рассматриваются состояние и перспективы развития трубопроводного транспорта нефти, нефтепродуктов и газа в России, порядок проектирования магистральных трубопроводов, вопросы их технологического расчета при транспортировке газа и маловязких нефтей, последовательной перекачке нефтепродуктов, транспортировании высоковязких и высокозастывающих нефтей, а также нестабильных жидкостей. Приведены основные сведения о методах и средствах очистки полости трубопроводов, а также их защиты от перегрузок по давлению и от коррозии.Учебник предназначен для студентов специальности «Проектирование, сооружение и эксплуатация газопроводов и газонефтехранилищ». Кроме того, он будет полезен инженерно-техническим работникам, связанным с трубопроводным транспортом жидких и газообразных углеводородов. 
606 1 |a Нефтегазопроводы  |x Проектирование  |2 stltpush  |3 (RuTPU)RU\TPU\subj\45631  |9 64824 
610 1 |a трубопроводный транспорт 
610 1 |a нефть 
610 1 |a нефтепродукты 
610 1 |a газ 
610 1 |a трубопроводы 
610 1 |a механический расчет 
610 1 |a нефтепроводный транспорт 
610 1 |a газопроводы 
610 1 |a перекачка 
610 1 |a высоковязкие нефти 
610 1 |a высокозастывающие нефти 
610 1 |a нестабильные жидкости 
610 1 |a горячая перекачка 
610 1 |a очистка 
610 1 |a защита от коррозии 
610 1 |a давление 
610 1 |a перегрузки 
610 1 |a защитные покрытия 
610 1 |a учебники 
675 |a 622.692.4.07(075.8)  |v 3 
700 1 |a Коршак  |b А. А.  |g Алексей Анатольевич 
701 1 |a Нечваль  |b А. М.  |g Андрей Михайлович 
801 1 |a RU  |b 63413507  |c 20151001 
801 2 |a RU  |b 63413507  |c 20161013  |g RCR 
900 |a Проектирование газонефтепроводов 
900 |a Проектирование и эксплуатация газонефтепроводов, нефтебаз и газохранилищ 
942 |c BK 
951 |l 8.1